[Event "zonal 1.7a"]
[Site "Vilnius LTU"]
[Date "1993.??.??"]
[Round "?"]
[White "Butnorius, Algimantas"]
[Black "Lauk, Ular"]
[Result "1-0"]
[WhiteElo "2415"]
[BlackElo "2410"]
[EventDate "1993.03.??"]
[PlyCount "107"]

1.d4 Nf6 2.c4 c5 3.d5 b5 4.cxb5 a6 5.b6 Qxb6 6.Nc3 g6 7.Nf3 Bg7 8.e4 O-O 
9.Be2 e6 10.O-O exd5 11.e5 Ng4 12.Nxd5 Qb7 13.Ng5 Nxe5 14.Ne4 d6 15.Ndf6+ 
Kh8 16.Qxd6 Nbd7 17.Rd1 Nxf6 18.Nxf6 Qc6 19.Bf4 Bb7 20.Qxc6 Nxc6 21.Nd7 
Nd4 22.Bf1 Rfe8 23.Nxc5 Bc6 24.Rd2 a5 25.Rad1 Nf5 26.b3 h6 27.h3 Kh7 28.
Bc4 Re7 29.Bd5 Bxd5 30.Rxd5 Rc8 31.g4 Nd4 32.Bd6 Ne2+ 33.Kf1 Ree8 34.Na4 
Re4 35.R5d2 Rce8 36.Nc5 Rd4 37.Rxd4 Nxd4 38.Na4 Rc8 39.Bc5 Ne6 40.Be3 Ng5 
41.Kg2 Ne4 42.Rc1 Rd8 43.Rc7 f5 44.gxf5 gxf5 45.Ra7 Rd5 46.Nb6 Rd6 47.Nc4 
Rg6+ 48.Kf3 Ng5+ 49.Bxg5 Rxg5 50.Rxa5 Rh5 51.Kg2 Rg5+ 52.Kf1 Rh5 53.Ne3 
Kg6 54.Ng2 1-0

[Event "zonal 1.7a"]
[Site "Vilnius LTU"]
[Date "1993.??.??"]
[Round "?"]
[White "Butnorius, Algimantas"]
[Black "Novikov, Vitalij"]
[Result "1-0"]
[WhiteElo "2415"]
[BlackElo "2270"]
[EventDate "1993.03.??"]
[PlyCount "129"]

1.Nf3 Nf6 2.c4 e6 3.Nc3 Bb4 4.Qc2 c5 5.a3 Bxc3 6.Qxc3 O-O 7.e3 b6 8.b4 a5 
9.Bb2 Bb7 10.Be2 d6 11.O-O e5 12.d3 Re8 13.bxc5 bxc5 14.Rab1 Nbd7 15.Ba1 
Bc6 16.Nd2 d5 17.cxd5 Nxd5 18.Qc4 N5b6 19.Qc2 Rc8 20.e4 Qe7 21.Rfc1 a4 22.
Qc3 f6 23.Bg4 g6 24.Rc2 Kg7 25.Bb2 Na8 26.Bc1 Rb8 27.Rcb2 Rxb2 28.Rxb2 Rb8
29.Nc4 Rxb2 30.Qxb2 Nc7 31.Na5 Bb5 32.Be3 Nf8 33.Nb7 Nfe6 34.Bxe6 Qxe6 35.
Nxc5 Qc6 36.d4 exd4 37.Bxd4 Na6 38.Ne6+ Qxe6 39.Qxb5 Qxe4 40.Qd7+ Kg8 41.
h3 Nc7 42.Bxf6 Ne8 43.Bd4 h5 44.Qxa4 Nd6 45.Qb3+ Kh7 46.Qe3 Qb1+ 47.Kh2 
Nf5 48.Qe5 Nxd4 49.Qxd4 Qb8+ 50.g3 Qc7 51.a4 Qa5 52.h4 Qc7 53.Qd2 Qa7 54.
a5 Kg7 55.Kg1 Kh7 56.Qd8 Qc5 57.Qb6 Qc1+ 58.Kh2 g5 59.hxg5 Qxg5 60.Qc7+ 
Kg6 61.Qd6+ Kh7 62.a6 h4 63.a7 hxg3+ 64.Qxg3 Qa5 65.Qh3+ 1-0

[Event "zonal 1.7a"]
[Site "Vilnius LTU"]
[Date "1993.??.??"]
[Round "?"]
[White "Butnorius, Algimantas"]
[Black "Piesina, Gintautas"]
[Result "0-1"]
[WhiteElo "2415"]
[BlackElo "2395"]
[EventDate "1993.03.??"]
[PlyCount "136"]

1.c4 g6 2.Nc3 c5 3.Nf3 Bg7 4.g3 Nc6 5.Bg2 d6 6.O-O Bd7 7.a3 Nh6 8.Rb1 Nf5 
9.b4 b6 10.Ne4 O-O 11.Bb2 Nfd4 12.Nxd4 cxd4 13.d3 Qc8 14.Re1 Rb8 15.Ng5 h6
16.Nf3 e5 17.Rc1 Ne7 18.b5 Bg4 19.a4 Qd7 20.Ba3 Be6 21.Qd2 f5 22.a5 Rf7 
23.axb6 axb6 24.Qb4 Rd8 25.Bb2 Bf8 26.Ra1 Qc7 27.Rec1 g5 28.Ra6 g4 29.Nd2 
h5 30.Rca1 Nc8 31.Qb3 h4 32.Ra8 hxg3 33.hxg3 Bh6 34.Nf1 f4 35.Bc1 f3 36.
Bxh6 fxg2 37.Kxg2 Qb7+ 38.Kg1 Rh7 39.R1a7 Nxa7 40.Rxd8+ Kf7 41.Rf8+ Ke7 
42.Bg5+ Kxf8 43.Bh4 Nc8 44.Qa3 Bf5 45.Qc1 Qg7 46.Qd2 Qg6 47.e4 dxe3 48.
Nxe3 Bxd3 49.Nd5 Be4 50.Nf6 Rxh4 51.Nxe4 Qxe4 52.gxh4 Qf4 53.Qd3 Kg7 54.h5
e4 55.Qd4+ Qe5 56.Qe3 Kh7 57.Kg2 Kg7 58.Kg1 Kg8 59.Kg2 Kf7 60.Kg1 Qxh5 61.
Qxe4 Ne7 62.Qe3 Qc5 63.Qf4+ Nf5 64.Qxg4 Kf6 65.Qe4 Qd4 66.Qe8 Kg5 67.Qg8+ 
Kf4 68.Qe6 Qd1+ 0-1

[Event "zonal 1.7a"]
[Site "Vilnius LTU"]
[Date "1993.??.??"]
[Round "?"]
[White "Butnorius, Algimantas"]
[Black "Sepp, Olav"]
[Result "1-0"]
[WhiteElo "2415"]
[BlackElo "2390"]
[EventDate "1993.03.??"]
[PlyCount "103"]

1.c4 Nf6 2.Nc3 g6 3.e4 d6 4.d4 Bg7 5.Be2 O-O 6.Bg5 Nbd7 7.Qc2 c6 8.Nf3 a6 
9.O-O h6 10.Be3 e5 11.dxe5 dxe5 12.Nd2 Qe7 13.Na4 b5 14.cxb5 cxb5 15.Nc5 
Nxc5 16.Bxc5 Qc7 17.Rfc1 Rd8 18.a4 Bd7 19.axb5 Bxb5 20.Bxb5 axb5 21.Rxa8 
Rxa8 22.b4 Qd7 23.Nb3 Rd8 24.Bb6 Rb8 25.Be3 Ng4 26.Bc5 f5 27.Rd1 Qf7 28.
Na5 fxe4 29.Qxe4 Qf4 30.Qxf4 exf4 31.Nc6 Rb7 32.Nd8 Rb8 33.Ne6 Be5 34.h3 
Re8 35.Nxf4 Nxf2 36.Kxf2 Bxf4 37.Rd7 h5 38.Kf3 Be5 39.Rb7 Rb8 40.Rxb8+ 
Bxb8 41.Ke4 Kf7 42.Kd5 Kf6 43.Kc6 Kf5 44.Kxb5 Kf4 45.Kc6 Kg3 46.Bd6+ Bxd6 
47.Kxd6 g5 48.b5 Kxg2 49.b6 Kxh3 50.b7 g4 51.b8=Q g3 52.Qc8+ 1-0

[Event "zonal 1.7a"]
[Site "Vilnius LTU"]
[Date "1993.??.??"]
[Round "?"]
[White "Butnorius, Algimantas"]
[Black "Zuravlovs, Valerijs"]
[Result "1-0"]
[WhiteElo "2415"]
[BlackElo "2350"]
[EventDate "1993.03.??"]
[PlyCount "97"]

1.c4 e5 2.Nc3 d6 3.g3 Nc6 4.Bg2 Be6 5.d3 Qd7 6.Rb1 g6 7.b4 Bg7 8.b5 Nd8 9.
Bd2 Ne7 10.Nd5 O-O 11.Qc1 f5 12.h4 Bf7 13.Nh3 c6 14.Nxe7+ Qxe7 15.bxc6 
bxc6 16.O-O Rc8 17.Bh6 Be8 18.Bxg7 Kxg7 19.Qc3 Qf6 20.f4 exf4 21.Qxf6+ 
Rxf6 22.gxf4 h6 23.Rb2 Rf7 24.Rfb1 Rfc7 25.Kf2 Bf7 26.Rb8 Kf6 27.a4 d5 28.
cxd5 cxd5 29.Rxc8 Rxc8 30.Rb5 d4 31.Ra5 Rc7 32.Ra6+ Ke7 33.h5 Ne6 34.hxg6 
Bxg6 35.Bd5 Nf8 36.Ng1 Be8 37.Nf3 Ng6 38.Kg3 h5 39.Nxd4 Rc5 40.Nxf5+ Kd8 
41.Be4 h4+ 42.Nxh4 Nxh4 43.Kxh4 Rc2 44.Bf3 Rc7 45.f5 Ke7 46.Kg5 Kf8 47.Bd5
Rg7+ 48.Kf4 Rh7 49.e4 1-0

[Event "zonal 1.7a"]
[Site "Vilnius LTU"]
[Date "1993.??.??"]
[Round "?"]
[White "Fridmans, Daniels"]
[Black "Luckans, Ilmars"]
[Result "1/2-1/2"]
[WhiteElo "2380"]
[BlackElo "2330"]
[EventDate "1993.03.??"]
[PlyCount "27"]

1.d4 Nf6 2.g3 d5 3.Nf3 c5 4.Bg2 Nc6 5.O-O e6 6.e3 Be7 7.b3 O-O 8.Bb2 b6 9.
Nbd2 Bb7 10.Qe2 Rc8 11.c4 Ba6 12.Rac1 cxd4 13.Nxd4 Nxd4 14.Bxd4 1/2-1/2

[Event "zonal 1.7a"]
[Site "Vilnius LTU"]
[Date "1993.??.??"]
[Round "?"]
[White "Fridmans, Daniels"]
[Black "Malisauskas, Vidmantas"]
[Result "1/2-1/2"]
[WhiteElo "2380"]
[BlackElo "2570"]
[EventDate "1993.03.??"]
[PlyCount "100"]

1.Nf3 Nf6 2.c4 g6 3.Nc3 Bg7 4.d4 O-O 5.g3 d6 6.Bg2 Nc6 7.O-O Bf5 8.Ne1 Qd7
9.e4 Bh3 10.d5 Nb4 11.f3 Bxg2 12.Kxg2 c6 13.Nd3 Nxd3 14.Qxd3 cxd5 15.cxd5 
Rfc8 16.Be3 Qd8 17.Bd4 Nd7 18.Bxg7 Kxg7 19.f4 Qb6 20.Rf2 f6 21.Re1 Qc5 22.
h4 Qc4 23.Rd2 Qxd3 24.Rxd3 a6 25.Rd2 Rc4 26.Kf3 Rac8 27.Ne2 Rc2 28.Red1 
Rxd2 29.Rxd2 Kf7 30.Nd4 Rc1 31.Rc2 Rxc2 32.Nxc2 f5 33.Ne3 fxe4+ 34.Kxe4 
Nf6+ 35.Kd4 Nh5 36.Nf1 e6 37.dxe6+ Kxe6 38.Ke4 Nf6+ 39.Kf3 h5 40.Ne3 Nd5 
41.Nc2 Ne7 42.g4 hxg4+ 43.Kxg4 Kf6 44.Ne3 d5 45.Nc2 Nf5 46.Nb4 d4 47.Nd3 
a5 48.a4 Nd6 49.Nc5 b5 50.axb5 Nxb5 1/2-1/2

[Event "zonal 1.7a"]
[Site "Vilnius LTU"]
[Date "1993.??.??"]
[Round "?"]
[White "Fridmans, Daniels"]
[Black "Ruzele, Darius"]
[Result "1/2-1/2"]
[WhiteElo "2380"]
[BlackElo "2500"]
[EventDate "1993.03.??"]
[PlyCount "38"]

1.Nf3 d5 2.d4 Nf6 3.g3 c6 4.Bg2 Bf5 5.O-O e6 6.c4 Be7 7.b3 O-O 8.Bb2 Nbd7 
9.Nbd2 Ne4 10.e3 a5 11.Nxe4 Bxe4 12.Ne1 Bxg2 13.Kxg2 b5 14.cxb5 cxb5 15.
Nd3 a4 16.Qd2 Ra7 17.Rfc1 Qa8 18.Bc3 Re8 19.Rab1 Nf6 1/2-1/2

[Event "zonal 1.7a"]
[Site "Vilnius LTU"]
[Date "1993.??.??"]
[Round "?"]
[White "Fridmans, Daniels"]
[Black "Rotsagov, Mihhail"]
[Result "1/2-1/2"]
[WhiteElo "2380"]
[BlackElo "2430"]
[EventDate "1993.03.??"]
[PlyCount "31"]

1.Nf3 Nf6 2.c4 c5 3.Nc3 d5 4.cxd5 Nxd5 5.g3 Nc6 6.Bg2 Nc7 7.d3 e5 8.O-O 
Be7 9.Nd2 Bd7 10.Nc4 f6 11.f4 b5 12.Ne3 exf4 13.gxf4 Rb8 14.Ned5 Nxd5 15.
Nxd5 O-O 16.Be3 1/2-1/2

[Event "zonal 1.7a"]
[Site "Vilnius LTU"]
[Date "1993.??.??"]
[Round "?"]
[White "Fridmans, Daniels"]
[Black "Sepp, Olav"]
[Result "1-0"]
[WhiteElo "2380"]
[BlackElo "2390"]
[EventDate "1993.03.??"]
[PlyCount "139"]

1.Nf3 Nf6 2.d4 g6 3.g3 Bg7 4.Bg2 O-O 5.c4 d6 6.O-O Nbd7 7.Nc3 e5 8.h3 c6 
9.e4 Qb6 10.Re1 exd4 11.Nxd4 Ne8 12.Nf3 Ne5 13.Nxe5 dxe5 14.Qa4 Bf6 15.Be3
Qc7 16.Rad1 Ng7 17.Bc5 Be7 18.Be3 Ne6 19.Rd2 f5 20.exf5 gxf5 21.Rdd1 f4 
22.Bc1 Bc5 23.g4 Bd4 24.Qc2 Qe7 25.Ne4 Qh4 26.Rd3 Bd7 27.Qe2 Be8 28.Nd6 
Bg6 29.Rxd4 Nxd4 30.Qxe5 Qf6 31.Qxf6 Rxf6 32.Nxb7 Re8 33.Rxe8+ Bxe8 34.Kh2
Ne2 35.Bd2 f3 36.Bh1 Bg6 37.Nc5 h5 38.Nd7 Rf7 39.Ne5 hxg4 40.Nxf7 Kxf7 41.
hxg4 Be4 42.Be3 a6 43.Kh3 Kg6 44.Kh4 Ng1 45.g5 Kf5 46.Kh5 Bb1 47.a3 Ba2 
48.c5 Bf7+ 49.Kh6 Be8 50.b4 Bf7 51.Kg7 Bd5 52.g6 Be4 53.Kh6 Kf6 54.Bg5+ 
Ke6 55.Bf4 Kf6 56.g7 Kf7 57.Bh2 Nh3 58.Bxf3 Bxf3 59.Kh7 Ng5+ 60.Kh8 Kf6 
61.Be5+ Kxe5 62.g8=Q Kf6 63.Qg7+ Kf5 64.Qb7 Kf6 65.Qxa6 Nf7+ 66.Kg8 Bd5 
67.Qe2 Ng5+ 68.Kf8 Bf7 69.Qe7+ Kg6 70.Qxg5+ 1-0

[Event "zonal 1.7a"]
[Site "Vilnius LTU"]
[Date "1993.??.??"]
[Round "?"]
[White "Fridmans, Daniels"]
[Black "Sokolovs, Andrejs"]
[Result "1/2-1/2"]
[WhiteElo "2380"]
[BlackElo "2480"]
[EventDate "1993.03.??"]
[PlyCount "36"]

1.d4 c5 2.e3 e6 3.c4 Nf6 4.Nc3 d5 5.Nf3 Nc6 6.a3 a6 7.dxc5 Bxc5 8.b4 Ba7 
9.Bb2 O-O 10.Be2 dxc4 11.Bxc4 b5 12.Bb3 Bb7 13.O-O Qxd1 14.Rfxd1 Rfd8 15.
Kf1 Kf8 16.Ke2 Ke7 17.Rxd8 Rxd8 18.Rd1 Rxd1 1/2-1/2

[Event "zonal 1.7a"]
[Site "Vilnius LTU"]
[Date "1993.??.??"]
[Round "?"]
[White "Lanka, Zigurds"]
[Black "Fridmans, Daniels"]
[Result "1-0"]
[WhiteElo "2545"]
[BlackElo "2380"]
[EventDate "1993.03.??"]
[PlyCount "51"]

1.e4 c6 2.d4 d5 3.exd5 cxd5 4.c4 Nf6 5.Nc3 Nc6 6.Bg5 Qa5 7.a3 dxc4 8.d5 
Ne5 9.Qd4 Nd3+ 10.Bxd3 cxd3 11.Nf3 Bf5 12.O-O Rd8 13.Nh4 Bd7 14.Rfe1 Qb6 
15.Qxd3 Bc6 16.Bxf6 gxf6 17.Qf3 Bd7 18.Ne4 Bg7 19.d6 e6 20.Nxf6+ Kf8 21.
Nxd7+ Rxd7 22.Rxe6 Bd4 23.Re7 Rxe7 24.dxe7+ Kxe7 25.Nf5+ Kf8 26.Rc1 1-0

[Event "zonal 1.7a"]
[Site "Vilnius LTU"]
[Date "1993.??.??"]
[Round "?"]
[White "Lanka, Zigurds"]
[Black "Lauk, Ular"]
[Result "1-0"]
[WhiteElo "2545"]
[BlackElo "2410"]
[EventDate "1993.03.??"]
[PlyCount "85"]

1.e4 e5 2.Nf3 Nf6 3.Nxe5 d6 4.Nf3 Nxe4 5.d4 d5 6.Bd3 Bd6 7.O-O O-O 8.Re1 
Bf5 9.c4 c6 10.Qc2 Na6 11.a3 Bg6 12.c5 Bc7 13.Nc3 f5 14.b4 Bh5 15.Ne5 Bxe5
16.dxe5 Nc7 17.f3 Qh4 18.Be3 Nxc3 19.Qxc3 Ne6 20.Qc2 g6 21.b5 f4 22.Bf2 
Qe7 23.Rab1 Rac8 24.bxc6 bxc6 25.Rb4 g5 26.h3 Rc7 27.a4 Be8 28.a5 Bd7 29.
Reb1 Bc8 30.Rb8 Qg7 31.Qe2 h5 32.Kh1 Rcf7 33.Rg1 g4 34.Bh4 Nxc5 35.Bb1 Ne6
36.Bf6 Qh6 37.fxg4 Nd4 38.Qd3 hxg4 39.Qxd4 f3 40.Rxc8 fxg2+ 41.Rxg2 Qxh3+ 
42.Kg1 Rxc8 43.Rxg4+ 1-0

[Event "zonal 1.7a"]
[Site "Vilnius LTU"]
[Date "1993.??.??"]
[Round "?"]
[White "Lanka, Zigurds"]
[Black "Novikov, Vitalij"]
[Result "1/2-1/2"]
[WhiteElo "2545"]
[BlackElo "2270"]
[EventDate "1993.03.??"]
[PlyCount "93"]

1.e4 e6 2.d4 d5 3.Nc3 Bb4 4.e5 b6 5.a3 Bxc3+ 6.bxc3 Qd7 7.Qg4 f5 8.Qg3 Ba6
9.Bxa6 Nxa6 10.a4 Nb8 11.a5 Nc6 12.axb6 cxb6 13.h4 Qf7 14.h5 h6 15.Ne2 
Nge7 16.Rh3 Na5 17.Ba3 g5 18.hxg6 Nxg6 19.Bc1 h5 20.Bg5 h4 21.Bxh4 Nxh4 
22.Rxh4 Kd7 23.Rh3 Rxh3 24.Qxh3 Qg7 25.Qf3 Rh8 26.Ng3 Kc6 27.Ke2 Qg5 28.
Nf1 f4 29.Nd2 Qf5 30.Ra2 Kc7 31.c4 Rd8 32.c5 Nc6 33.cxb6+ axb6 34.Qc3 Kd7 
35.Ra6 Rc8 36.Rxb6 Qxc2 37.Qxc2 Nxd4+ 38.Kd3 Nxc2 39.Nf3 Rc4 40.Rd6+ Ke7 
41.Rb6 Nb4+ 42.Kd2 Nc6 43.Rb7+ Kd8 44.Rg7 Kc8 45.Rg6 Kd7 46.Rg7+ Ke8 47.
Rg6 1/2-1/2

[Event "zonal 1.7a"]
[Site "Vilnius LTU"]
[Date "1993.??.??"]
[Round "?"]
[White "Lanka, Zigurds"]
[Black "Piesina, Gintautas"]
[Result "1/2-1/2"]
[WhiteElo "2545"]
[BlackElo "2395"]
[EventDate "1993.03.??"]
[PlyCount "43"]

1.e4 c5 2.Nf3 d6 3.d4 cxd4 4.Nxd4 Nf6 5.Nc3 a6 6.Be3 e5 7.Nb3 Be7 8.Qd2 
Be6 9.f3 Nbd7 10.g4 h6 11.O-O-O b5 12.Kb1 Nb6 13.Bxb6 Qxb6 14.h4 b4 15.Nd5
Bxd5 16.exd5 a5 17.Bh3 a4 18.Nc1 Ra5 19.g5 Nxd5 20.Ne2 Rc5 21.Ka1 Qc6 22.
Bf5 1/2-1/2

[Event "zonal 1.7a"]
[Site "Vilnius LTU"]
[Date "1993.??.??"]
[Round "?"]
[White "Lauk, Ular"]
[Black "Fridmans, Daniels"]
[Result "1/2-1/2"]
[WhiteElo "2410"]
[BlackElo "2380"]
[EventDate "1993.03.??"]
[PlyCount "56"]

1.e4 d6 2.d4 Nf6 3.Nc3 g6 4.Be3 c6 5.Qd2 b5 6.f3 Nbd7 7.g4 Qc7 8.g5 Nh5 9.
Nge2 Bb7 10.Ng3 Ng7 11.O-O-O a6 12.h4 O-O-O 13.h5 Rg8 14.h6 Ne8 15.f4 e6 
16.f5 exf5 17.exf5 d5 18.fxg6 fxg6 19.Bh3 Bb4 20.Bf4 Bd6 21.Rhf1 Kb8 22.
Rde1 Nb6 23.b3 Bc8 24.Bxc8 Nxc8 25.Be5 Rd7 26.Qf4 Kb7 27.Qg4 Re7 28.Qf4 
Rd7 1/2-1/2

[Event "zonal 1.7a"]
[Site "Vilnius LTU"]
[Date "1993.??.??"]
[Round "?"]
[White "Lauk, Ular"]
[Black "Ruzele, Darius"]
[Result "0-1"]
[WhiteElo "2410"]
[BlackElo "2500"]
[EventDate "1993.03.??"]
[PlyCount "120"]

1.e4 c5 2.Nf3 Nc6 3.d4 cxd4 4.Nxd4 Qc7 5.Nc3 e6 6.Be2 a6 7.f4 b5 8.Nxc6 
Qxc6 9.Bf3 Bb7 10.Be3 Rc8 11.O-O Bc5 12.Qe2 Qb6 13.Bf2 Ne7 14.Rad1 Rc7 15.
e5 Bxf2+ 16.Rxf2 Bxf3 17.Qxf3 O-O 18.Kh1 b4 19.Ne4 Nd5 20.Qg3 f5 21.exf6 
Nxf6 22.Nxf6+ Rxf6 23.h3 d5 24.Rdf1 Qd6 25.Qe3 Rc4 26.c3 bxc3 27.bxc3 Rf8 
28.Rf3 Rfc8 29.f5 exf5 30.Rxf5 Rxc3 31.Qd4 Rc1 32.Rd1 Rxd1+ 33.Qxd1 d4 34.
Kg1 h6 35.Qb3+ Kh8 36.Rf3 Rc1+ 37.Kf2 Qe7 38.Qb8+ Kh7 39.Kg3 Rc2 40.Kh2 
Qe4 41.Rg3 Rc3 42.Qd6 Rxg3 43.Qxg3 d3 44.Qd6 a5 45.a4 Qe3 46.Qd5 d2 47.
Qf5+ Kg8 48.Qd5+ Kf8 49.Qd8+ Kf7 50.Qd7+ Kf6 51.Qd6+ Kf5 52.Qd7+ Ke4 53.
Qb7+ Kd3 54.Qb3+ Ke2 55.Qb5+ Qd3 56.Qe5+ Kd1 57.Qxa5 Kc2 58.Qc5+ Qc3 59.
Qf5+ Kc1 60.Qf4 g5 0-1

[Event "zonal 1.7a"]
[Site "Vilnius LTU"]
[Date "1993.??.??"]
[Round "?"]
[White "Lauk, Ular"]
[Black "Sokolovs, Andrejs"]
[Result "1/2-1/2"]
[WhiteElo "2410"]
[BlackElo "2480"]
[EventDate "1993.03.??"]
[PlyCount "82"]

1.e4 g6 2.d4 Bg7 3.Nc3 d6 4.Be3 a6 5.Qd2 b5 6.a4 b4 7.Na2 a5 8.c3 Nf6 9.f3
bxc3 10.Nxc3 O-O 11.Bd3 Na6 12.Nge2 Nb4 13.Bb1 Ba6 14.O-O Nd7 15.Rd1 c5 
16.Nb5 Qb8 17.Bd3 cxd4 18.Nexd4 Nxd3 19.Qxd3 Nc5 20.Qa3 Qb7 21.Rab1 Rfb8 
22.b3 Rc8 23.b4 axb4 24.Qxb4 Qd7 25.Ne2 Qe8 26.Nf4 Bb7 27.Bxc5 dxc5 28.Qc4
Ba6 29.Nd5 Rab8 30.Rb3 e6 31.Nf4 Qe7 32.Ne2 Rd8 33.Rbd3 Rxd3 34.Rxd3 Qf6 
35.Rd6 Bxb5 36.axb5 Qb2 37.Rc6 Rxb5 38.Rxe6 Rb8 39.Re7 Qf6 40.Rd7 Rb1+ 41.
Kf2 Bf8 1/2-1/2

[Event "zonal 1.7a"]
[Site "Vilnius LTU"]
[Date "1993.??.??"]
[Round "?"]
[White "Lauk, Ular"]
[Black "Zuravlovs, Valerijs"]
[Result "1/2-1/2"]
[WhiteElo "2410"]
[BlackElo "2485"]
[EventDate "1993.03.??"]
[PlyCount "104"]

1.e4 c6 2.d4 d5 3.Nc3 dxe4 4.Nxe4 Nf6 5.Nxf6+ exf6 6.Be3 Na6 7.Qd2 Nc7 8.
Bd3 Bd6 9.Ne2 O-O 10.Bf4 Re8 11.Bxd6 Qxd6 12.O-O Be6 13.Qf4 Qxf4 14.Nxf4 
Rad8 15.Rfd1 g6 16.c3 Rd6 17.f3 Red8 18.Kf2 Kg7 19.g3 Bc8 20.Be2 f5 21.Nd3
Nd5 22.Bf1 b6 23.a4 Ba6 24.a5 Bxd3 25.Bxd3 b5 26.Re1 Kf8 27.Bf1 f4 28.Re4 
b4 29.Rc1 bxc3 30.bxc3 Rb8 31.gxf4 f5 32.Re2 Nxf4 33.Rd2 Rb3 34.Bc4 Ra3 
35.a6 Ra4 36.Bf1 g5 37.Rb2 Rh6 38.Kg3 Ke7 39.Rb7+ Kd6 40.c4 c5 41.dxc5+ 
Kc6 42.Rf7 Nh5+ 43.Kf2 Rxa6 44.Rxf5 Ra2+ 45.Kg1 Nf4 46.Rd1 a5 47.Rb1 Raxh2
48.Rb6+ Kc7 49.Rf7+ Kc8 50.Rf8+ Kc7 51.Rf7+ Kc8 52.Rf8+ Kc7 1/2-1/2

[Event "zonal 1.7a"]
[Site "Vilnius LTU"]
[Date "1993.??.??"]
[Round "?"]
[White "Luckans, Ilmars"]
[Black "Lanka, Zigurds"]
[Result "0-1"]
[WhiteElo "2330"]
[BlackElo "2545"]
[EventDate "1993.03.??"]
[PlyCount "114"]

1.d4 Nf6 2.c4 c5 3.d5 b5 4.cxb5 a6 5.b6 Qxb6 6.Nc3 d6 7.e4 g6 8.Nf3 Bg4 9.
Be2 Bxf3 10.Bxf3 Nbd7 11.O-O Bg7 12.Rb1 O-O 13.Be3 Qa5 14.h3 Rab8 15.Qc2 
c4 16.Be2 Rfc8 17.Rfc1 h5 18.Bd2 Ne5 19.Kh1 Qb6 20.Be3 Qb4 21.Bd2 Qb7 22.
b4 cxb3 23.Rxb3 Qa8 24.Rxb8 Rxb8 25.Qa4 Rb2 26.Be3 a5 27.Rb1 Qb7 28.Rxb2 
Qxb2 29.Qxa5 Nxe4 30.Nxe4 Qb1+ 31.Kh2 Qxe4 32.Qb5 f5 33.Bb6 Kh7 34.Bf1 f4 
35.f3 Qc2 36.Qe2 Qa4 37.Qd2 Bf6 38.Bf2 Kg7 39.Be2 Qa8 40.Bb5 g5 41.Be2 Qa4
42.Kg1 Nd7 43.Bd1 Qa3 44.Bb3 Be5 45.Qc2 Nf6 46.Qd1 Qb4 47.Qe1 Qa3 48.Qd1 
Qb2 49.Qc2 Qa1+ 50.Qd1 Qxd1+ 51.Bxd1 Nxd5 52.a4 Bc3 53.Kf1 Ba5 54.Bb3 Nc7 
55.Be1 Bxe1 56.Kxe1 Kf8 57.Kd2 e5 0-1

[Event "zonal 1.7a"]
[Site "Vilnius LTU"]
[Date "1993.??.??"]
[Round "?"]
[White "Luckans, Ilmars"]
[Black "Lauk, Ular"]
[Result "1-0"]
[WhiteElo "2330"]
[BlackElo "2410"]
[EventDate "1993.03.??"]
[PlyCount "89"]

1.e4 e5 2.Nf3 Nf6 3.Nc3 Bb4 4.Bc4 d6 5.O-O O-O 6.d3 c6 7.Bb3 Nbd7 8.Ne2 
Nc5 9.c3 Nxb3 10.axb3 Bc5 11.b4 Bb6 12.Ng3 h6 13.h3 Re8 14.Re1 Nh7 15.Be3 
Bxe3 16.Rxe3 Ng5 17.Nxg5 Qxg5 18.d4 g6 19.Qd3 h5 20.Rf1 Bxh3 21.gxh3 h4 
22.Rf3 Rad8 23.d5 Re7 24.Kh2 hxg3+ 25.fxg3 Kg7 26.Ra1 a6 27.Raf1 Rdd7 28.
dxc6 bxc6 29.Qxa6 d5 30.Qxc6 dxe4 31.Qxe4 Rd2+ 32.R3f2 Red7 33.h4 Qe7 34.
Qg2 Rxf2 35.Rxf2 e4 36.Re2 f5 37.Qf2 Rd3 38.Qf4 Qa7 39.Rd2 Qd7 40.Rf2 Rd1 
41.g4 Qe7 42.gxf5 gxf5 43.Rg2+ Kf6 44.h5 Rd5 45.h6 1-0

[Event "zonal 1.7a"]
[Site "Vilnius LTU"]
[Date "1993.??.??"]
[Round "?"]
[White "Luckans, Ilmars"]
[Black "Malisauskas, Vidmantas"]
[Result "0-1"]
[WhiteElo "2330"]
[BlackElo "2570"]
[EventDate "1993.03.??"]
[PlyCount "106"]

1.e4 c5 2.Nf3 d6 3.d4 cxd4 4.Nxd4 Nf6 5.Nc3 a6 6.Bc4 e6 7.O-O Be7 8.Be3 
O-O 9.Bb3 b5 10.a3 Bb7 11.f3 Nc6 12.Qe1 Na5 13.Qg3 Nc4 14.Bxc4 bxc4 15.Kh1
Kh8 16.Rad1 Qc7 17.Nde2 e5 18.Bg5 Rab8 19.Qe1 Bc6 20.Bc1 Rfd8 21.Ng3 d5 
22.exd5 Nxd5 23.Nf5 Bf8 24.Nxd5 Bxd5 25.Ne3 Be6 26.Qe2 Rd4 27.Rde1 Rbd8 
28.Nd1 Bf5 29.Nc3 f6 30.Be3 R4d7 31.Rd1 h6 32.Rxd7 Rxd7 33.Rd1 Rxd1+ 34.
Qxd1 Bc5 35.Bxc5 Qxc5 36.Qe2 Qb6 37.Nd1 c3 38.g4 cxb2 39.Nxb2 Qxb2 40.gxf5
Qxa3 41.Kg2 Qc3 42.Kg3 Kh7 43.Qxa6 Qxc2 44.Qe6 h5 45.Qd7 Kh6 46.h4 Kh7 47.
Kh3 Qb1 48.Qe6 Qd3 49.Kg2 Qd2+ 50.Kh3 Qf4 51.Qc6 Qxf5+ 52.Kg2 Qf4 53.Qc2+ 
Kh6 0-1

[Event "zonal 1.7a"]
[Site "Vilnius LTU"]
[Date "1993.??.??"]
[Round "?"]
[White "Luckans, Ilmars"]
[Black "Novikov, Vitalij"]
[Result "1-0"]
[WhiteElo "2330"]
[BlackElo "2270"]
[EventDate "1993.03.??"]
[PlyCount "60"]

1.e4 e6 2.d4 d5 3.Nd2 c5 4.exd5 Qxd5 5.Ngf3 cxd4 6.Bc4 Qd6 7.O-O Nf6 8.Nb3
Nc6 9.Nbxd4 Nxd4 10.Nxd4 Bd7 11.c3 Qc7 12.Qe2 O-O-O 13.h3 h5 14.a4 Bc5 15.
Be3 e5 16.Nb5 Bxb5 17.axb5 Bxe3 18.fxe3 Kb8 19.Ra4 Nd5 20.Bxd5 Rxd5 21.
Rfa1 b6 22.c4 Rd7 23.b4 Rc8 24.Qxh5 f6 25.Qg4 Rf7 26.c5 bxc5 27.Rxa7 Qxa7 
28.Rxa7 Rxa7 29.bxc5 Rxc5 30.b6 Rd7 1-0

[Event "zonal 1.7a"]
[Site "Vilnius LTU"]
[Date "1993.??.??"]
[Round "?"]
[White "Luckans, Ilmars"]
[Black "Rotsagov, Mihhail"]
[Result "1-0"]
[WhiteElo "2330"]
[BlackElo "2430"]
[EventDate "1993.03.??"]
[PlyCount "91"]

1.e4 c5 2.Nf3 d6 3.d4 cxd4 4.Nxd4 Nf6 5.Nc3 a6 6.Bc4 e6 7.a4 Nc6 8.O-O Be7
9.Ba2 O-O 10.Kh1 Bd7 11.f4 Qa5 12.f5 e5 13.Nf3 Nb4 14.Bb3 Bc6 15.Qe1 Qc7 
16.Bg5 h6 17.Qh4 Qd8 18.Rad1 Rc8 19.Bxh6 gxh6 20.Qxh6 Nh7 21.Nxe5 Be8 22.
Rf3 Bg5 23.Qg6+ Kh8 24.Bxf7 Rxf7 25.Nxf7+ Bxf7 26.Qxf7 Qe7 27.Qg6 d5 28.
exd5 Rg8 29.d6 Qe5 30.Qe6 Bf6 31.Re3 Qf4 32.Rh3 Rf8 33.Qe4 Qxe4 34.Nxe4 
Bd8 35.g4 Kg8 36.Rb3 Nxc2 37.Rxb7 Re8 38.Rb8 Ne3 39.d7 Rf8 40.Rd3 Nc4 41.
g5 Ne5 42.Rd6 Nf7 43.g6 Nxd6 44.gxh7+ Kf7 45.Nxd6+ Ke7 46.Rxd8 1-0

[Event "zonal 1.7a"]
[Site "Vilnius LTU"]
[Date "1993.??.??"]
[Round "?"]
[White "Luckans, Ilmars"]
[Black "Zuravlovs, Valerijs"]
[Result "0-1"]
[WhiteElo "2330"]
[BlackElo "2485"]
[EventDate "1993.03.??"]
[PlyCount "122"]

1.e4 e5 2.Nf3 Nc6 3.Bb5 a6 4.Ba4 d6 5.Bxc6+ bxc6 6.d4 f6 7.O-O Ne7 8.dxe5 
fxe5 9.Nh4 Ng6 10.Nf5 Qf6 11.Qh5 Qf7 12.Bd2 Be7 13.Nxe7 Qxe7 14.f4 exf4 
15.Rxf4 Be6 16.Nc3 Bf7 17.Rf5 Ne5 18.Qe2 O-O 19.b3 Rfe8 20.h3 Bg6 21.Rf2 
Qe6 22.Re1 h6 23.Bf4 Kh7 24.Qe3 Nd7 25.Rfe2 Re7 26.Qg3 Rf8 27.Qh4 Ref7 28.
Bg3 Ne5 29.Rf2 Re8 30.Bf4 Ref8 31.Be3 Rxf2 32.Bxf2 c5 33.Qg3 c6 34.Qe3 Rf3
35.Qd2 Rxh3 36.Re3 Rxe3 37.Qxe3 Ng4 38.Qe2 Nxf2 39.Kxf2 Qe5 40.Qe3 Qf6+ 
41.Ke2 Bh5+ 42.Kd2 Qf1 43.g3 Bg4 44.e5 dxe5 45.Qxe5 Qf2+ 46.Kc1 Bf5 47.Ne2
Bg6 48.Kd2 h5 49.c4 Bf5 50.Qe3 Qg2 51.Ke1 Qh1+ 52.Kf2 Be4 53.Nf4 Qh2+ 54.
Ke1 Qh1+ 55.Kf2 Qh2+ 56.Ke1 Bf5 57.Ne2 Qg2 58.Nf4 Qxa2 59.Nxh5 Qb1+ 60.Kf2
Bh3 61.g4 Qf1+ 0-1

[Event "zonal 1.7a"]
[Site "Vilnius LTU"]
[Date "1993.??.??"]
[Round "?"]
[White "Malisauskas, Vidmantas"]
[Black "Butnorius, Algimantas"]
[Result "1/2-1/2"]
[WhiteElo "2570"]
[BlackElo "2415"]
[EventDate "1993.03.??"]
[PlyCount "36"]

1.e4 e5 2.Nf3 Nc6 3.Bb5 a6 4.Bxc6 dxc6 5.O-O Bg4 6.h3 Bxf3 7.Qxf3 Qd7 8.
Qb3 O-O-O 9.d3 f5 10.exf5 Qxf5 11.Nd2 Nf6 12.Nc4 e4 13.dxe4 Nxe4 14.Be3 
Rd5 15.Rad1 Nc5 16.Qc3 Ne4 17.Qb3 Nc5 18.Qc3 Ne4 1/2-1/2

[Event "zonal 1.7a"]
[Site "Vilnius LTU"]
[Date "1993.??.??"]
[Round "?"]
[White "Malisauskas, Vidmantas"]
[Black "Lanka, Zigurds"]
[Result "1-0"]
[WhiteElo "2570"]
[BlackElo "2545"]
[EventDate "1993.03.??"]
[PlyCount "77"]

1.e4 c5 2.Nf3 Nc6 3.d4 cxd4 4.Nxd4 Nf6 5.Nc3 d6 6.Bg5 e6 7.Qd2 a6 8.O-O-O 
h6 9.Bf4 Bd7 10.Nxc6 Bxc6 11.f3 d5 12.Qe1 Bb4 13.a3 Ba5 14.Bd2 Qe7 15.e5 
Nd7 16.Kb1 Bb6 17.f4 h5 18.h4 Bc5 19.Rh3 b5 20.Na2 Bb7 21.Nc1 g6 22.Nd3 
Rc8 23.Be2 Bb6 24.g4 hxg4 25.Bxg4 Nc5 26.Bb4 Nxd3 27.Rdxd3 Bc5 28.Bxc5 
Rxc5 29.h5 gxh5 30.Bxh5 Kd8 31.f5 exf5 32.Bxf7 Rf8 33.b4 Rc7 34.Bxd5 Kc8 
35.Bxb7+ Kxb7 36.Rd6 Rfc8 37.Rhh6 Rc6 38.Qh1 Qe8 39.Rhe6 1-0

[Event "zonal 1.7a"]
[Site "Vilnius LTU"]
[Date "1993.??.??"]
[Round "?"]
[White "Malisauskas, Vidmantas"]
[Black "Lauk, Ular"]
[Result "1-0"]
[WhiteElo "2570"]
[BlackElo "2410"]
[EventDate "1993.03.??"]
[PlyCount "101"]

1.Nf3 Nf6 2.g3 d6 3.Bg2 c6 4.c4 Bg4 5.O-O Nbd7 6.d3 e5 7.b3 Be7 8.Bb2 O-O 
9.Nbd2 Re8 10.h3 Bh5 11.Qc2 Bf8 12.Rac1 a5 13.g4 Bg6 14.Nh4 Nc5 15.Nxg6 
hxg6 16.e3 d5 17.d4 exd4 18.Bxd4 Ne6 19.Bxf6 gxf6 20.cxd5 cxd5 21.Nf3 Qb6 
22.Rcd1 Rad8 23.Nd4 Kg7 24.Ne2 d4 25.Nxd4 Nxd4 26.Rxd4 Rxd4 27.exd4 Qxd4 
28.Bxb7 Bd6 29.Rd1 Qf4 30.Bg2 Re7 31.Qc4 Qh2+ 32.Kf1 Bb4 33.Qd4 g5 34.Qd3 
Qe5 35.Bf3 Qb2 36.Qb1 Qe5 37.Qf5 Qh2 38.Bg2 Qd6 39.Bd5 Qh2 40.Qf3 Qe5 41.
Bc4 Qh2 42.Bd5 Qe5 43.Kg2 Qb2 44.Bc4 Qxa2 45.Rd8 Be1 46.Qf5 Re5 47.Rg8+ 
Kxg8 48.Qg6+ Kh8 49.Qxf6+ Kh7 50.Qxf7+ Kh6 51.Qf8+ 1-0